Parfumerie Douglas. Impérium snů /
Závěrečný díl trilogie o osudech majitelek parfumerie Douglas v období pohnutých německých dějin 1. poloviny 20. století.
Uloženo v:
| Série: | Parfumerie Douglas,
část 3 |
|---|---|
| Hlavní autor: | |
| Další autoři: | |
| Médium: | E-kniha |
| Jazyk: | Czech |
| Vydáno: |
Praha :
Ikar,
2023
|
| Vydání: | Vydání první |
| Témata: | |
| Příbuzné jednotky: | Z cyklu::
Parfumerie Douglas |
| Tagy: |
Žádné tagy |
| LEADER | 03299nam a2200673 i 4500 | ||
|---|---|---|---|
| 001 | 312137 | ||
| 003 | CZ PrSKC | ||
| 005 | 20260601215717.0 | ||
| 007 | ta | ||
| 008 | 231103s2023 xr g 000 fbcze | ||
| 015 | |a cnb003522765 | ||
| 020 | |a 9788024951799 |q (vázáno) | ||
| 035 | |a (OCoLC)1416934958 | ||
| 040 | |a ABG001 |b cze |d ABA001 |e rda | ||
| 041 | 1 | |a cze |h ger | |
| 043 | |a e-gx--- | ||
| 045 | |a w7x2 | ||
| 072 | 7 | |a 821.112.2-3 |x Německá próza, německy psaná |2 Konspekt | |
| 072 | 7 | |a 929 |x Biografie |2 Konspekt | |
| 080 | |a 821.112.2-31 |2 MRF | ||
| 080 | |a 658.114-055.2 |2 MRF | ||
| 080 | |a 665.57:334.711 |2 MRF | ||
| 080 | |a 929 |2 MRF | ||
| 080 | |a (430) |2 MRF | ||
| 080 | |a (0:82-311.6) |2 MRF | ||
| 100 | 1 | |a Jacobi, Charlotte |7 xx0278312 |4 aut | |
| 240 | 1 | 0 | |a Parfümerie der Träume. |l Česky |
| 245 | 1 | 0 | |a Parfumerie Douglas. |p Impérium snů / |c Charlotte Jacobi ; z německého originálu Die Douglas Schwestern - Die Parfümerie der Träume ... přeložila Ivana Dirk Lukačovičová |
| 246 | 3 | 0 | |a Impérium snů |
| 250 | |a Vydání první | ||
| 264 | 1 | |a Praha : |b Ikar, |c 2023 | |
| 300 | |a 374 stran ; |c 21 cm | ||
| 336 | |a text |b txt |2 rdacontent | ||
| 337 | |a bez média |b n |2 rdamedia | ||
| 338 | |a svazek |b nc |2 rdacarrier | ||
| 504 | |a Obsahuje bibliografii | ||
| 520 | 2 | |a Závěrečný díl trilogie o osudech majitelek parfumerie Douglas v období pohnutých německých dějin 1. poloviny 20. století. |b Hamburk, 1929. Sestry Hertha a Lucie zdědily od svých kmoter prosperující parfumerii Douglas, kde s nimi celá léta pracovaly. Chtějí úspěšně pokračovat v životním díle svých kmoter i v budoucnu. Když však udeří celosvětová hospodářská krize a vítězí nacionalistická politika, musí urputněji než kdykoli předtím bojovat o to, aby i nadále mohly předávat světu kouzlo vůní. Nakladatelská anotace. Kráceno. | |
| 600 | 1 | 7 | |a Carstens, Marie Margareta, |d 1876-1929 |7 mzk20221168825 |2 czenas |
| 600 | 1 | 7 | |a Carstens, Anna Dorothea, |d 1879-1927 |7 mzk20221168831 |2 czenas |
| 610 | 2 | 7 | |a Parfümerie Douglas (firma) |7 mzk20221168816 |2 czenas |
| 648 | 7 | |a 19.-20. století |7 ch757015 |2 czenas | |
| 648 | 7 | |a 20. století |7 ch460558 |2 czenas | |
| 650 | 0 | 7 | |a podnikatelky |7 ph115869 |z Německo |y 19.-20. století |2 czenas |
| 650 | 0 | 7 | |a parfumerie |7 ph1170190 |z Německo |y 20. století |2 czenas |
| 650 | 0 | 9 | |a businesswomen |z Germany |y 19th-20th centuries |2 eczenas |
| 650 | 0 | 9 | |a perfume houses |z Germany |y 20th century |2 eczenas |
| 655 | 7 | |a německé romány |7 fd132945 |2 czenas | |
| 655 | 7 | |a historické romány |7 fd132414 |2 czenas | |
| 655 | 9 | |a German fiction |2 eczenas | |
| 655 | 9 | |a historical novels |2 eczenas | |
| 700 | 1 | |a Dirk, Ivana, |d 1949- |7 pag2009500101 |4 trl | |
| 765 | 1 | |t Douglas Schwestern | |
| 787 | 0 | 8 | |i Z cyklu: |t Parfumerie Douglas |g 3 |
| 900 | |a ABA001 |b 21 | ||
| 928 | 9 | |a Euromedia Group - Ikar | |
| 044 | |a xr | ||
| 910 | |a RBIT002 | ||
| 998 | |d 389024 |a https://core.palmknihy.cz/api/books/389024/cover?s2gpwh |b https://core.palmknihy.cz/api/books/389024/cover/400?s2gpwh |c https://core.palmknihy.cz/api/books/389024/cover/50?s2gpwh |e 2028-01-17 |g 376 |i 9788024951799 |j https://core.palmknihy.cz/api/books/389024/preview.epub |l |q 49 |r 1 |s https://www.palmknihy.cz/kniha/389024 |t ebook |y 2023 |z 0 |v Parfumerie Douglas |w 3 | ||
| 999 | |d 312135 | ||